000 00714nam a2200289Ia 4500
005 20260324121439.0
008 008 260324s9999 xx 000 0 eng d
020 _a9781315593227
037 _aEBOOK
040 _aCRL
040 _beng
040 _cCRL
041 _2eng
041 _aeng
084 _qCRL
100 _aDavid Farr
_91041147
245 0 _aMajor-General Thomas Harrison
245 0 _bMillenarianism, Fifth Monarchism and the English Revolution 1616-1660
260 _bTaylor and Francis
260 _c2014
365 _a
365 _b240
856 _uhttp://www.taylorfrancis.com/books/9781315593227
942 _cEBOOK
999 _c1754653
_d1754653